00286nam a2200121Ia 4500008004100000041000900041082001700050100001800067245002600085260003700111300000800148650000800156230718s9999 xx 000 0 und d aEng. a34559bSHE-I aShehzad Aslam 0aincome oldinence 2001 aPakistanbMBD LAW PULISHERc2012 a318 aLaw